Hollow Knight Godmaster mobs - Statistics

General Stats
  • This quiz has been taken 42 times
  • The average score is 7 of 9
Answer Stats
Hint Answer % Correct
boss Absolute radiance
97%
boss Pure vessel
97%
boss Great nailsage Sly
90%
boss Nailmasters Oro & Mato
90%
boss Sisters of battle
90%
boss Winged Nosk
90%
boss Paintmaster Sheo
87%
mob Flukemunga
30%
mob Pale lurker
23%
No matching quizzes found
Score Distribution
Percent of People with Each Score
Percentile by Number Answered
Your Score History
You have not taken this quiz